All through the town , Out came the sun , Morning bells / (Record no. 9036)

MARC details
000 -LEADER
fixed length control field 00643nam a22002177a 4500
001 - CONTROL NUMBER
control field 9036
003 - CONTROL NUMBER IDENTIFIER
control field FISKH
005 - DATE AND TIME OF LATEST TRANSACTION
control field 20251117100523.0
008 - FIXED-LENGTH DATA ELEMENTS--GENERAL INFORMATION
fixed length control field 251117b cb ||||| |||| 00| 0 eng d
020 ## - INTERNATIONAL STANDARD BOOK NUMBER
International Standard Book Number 9780663547104
040 ## - CATALOGING SOURCE
Original cataloging agency FISKH
Language of cataloging eng
Transcribing agency FISKH
Modifying agency FISKH
050 ## - LIBRARY OF CONGRESS CALL NUMBER
Classification number PZ7
100 ## - MAIN ENTRY--PERSONAL NAME
Personal name Bauman, James F.
245 ## - TITLE STATEMENT
Title All through the town , Out came the sun , Morning bells /
Statement of responsibility, etc. By James F. Bauman
250 ## - EDITION STATEMENT
Edition statement Teacher Edition
260 ## - PUBLICATION, DISTRIBUTION, ETC.
Place of publication, distribution, etc. Mass :
Name of publisher, distributor, etc. Silver Burdett Ginn ,
Date of publication, distribution, etc. 1993.
300 ## - PHYSICAL DESCRIPTION
Extent 420 pages :
Other physical details color illustrations ;
Dimensions 30 cm .
490 ## - SERIES STATEMENT
Series statement New dimensions in the world of reading
942 ## - ADDED ENTRY ELEMENTS (KOHA)
Source of classification or shelving scheme Dewey Decimal Classification
Koha item type Books
Suppress in OPAC No
Holdings
Withdrawn status Lost status Source of classification or shelving scheme Damaged status Not for loan Collection Home library Current library Shelving location Date acquired Total Checkouts Full call number Barcode Date last seen Price effective from Koha item type
    Dewey Decimal Classification     Reference Footprints International School Library Network Toul Tom Poung Campus Footprints International School Library Network Toul Tom Poung Campus Librarian's Shelf TTP 11/17/2025   BAU PZ7 2025-4808 11/17/2025 11/17/2025 Books